[Event "14e Open"]
[Site "Mont de Marsan"]
[Date "2017.12.26"]
[Round "4.2"]
[White "Hutois, Mickael"]
[Black "Tejedor Fuente, Enrique"]
[Result "1-0"]
[BlackElo "2370"]
[WhiteElo "2211"]
[LiveChessVersion "1.4.8"]

1. e4 {[%clk 1:28:49]} c5 {[%clk 1:29:37]} 2. Nf3 {[%clk 1:29:12]} e6
{[%clk 1:29:45]} 3. d4 {[%clk 1:29:36]} cxd4 {[%clk 1:30:14]} 4. Nxd4
{[%clk 1:29:58]} a6 {[%clk 1:30:42]} 5. Bd3 {[%clk 1:26:38]} Nf6 {[%clk 1:26:43]}
6. O-O {[%clk 1:26:05]} d6 {[%clk 1:24:54]} 7. c4 {[%clk 1:22:43]} b6
{[%clk 1:21:05]} 8. Nc3 {[%clk 1:22:16]} Bb7 {[%clk 1:18:54]} 9. Be3
{[%clk 1:20:22]} Nbd7 {[%clk 1:17:15]} 10. Rc1 {[%clk 1:20:06]} Be7
{[%clk 1:14:32]} 11. f3 {[%clk 1:16:35]} O-O {[%clk 1:12:42]} 12. Qe2
{[%clk 1:16:13]} Qc7 {[%clk 1:11:57]} 13. Rfd1 {[%clk 1:14:22]} Rac8
{[%clk 1:11:10]} 14. b3 {[%clk 1:14:41]} Qb8 {[%clk 1:10:03]} 15. Qf2
{[%clk 1:14:53]} Bd8 {[%clk 1:08:28]} 16. Bf1 {[%clk 1:10:28]} Bc7
{[%clk 1:08:39]} 17. g3 {[%clk 1:07:09]} Qa8 {[%clk 1:05:45]} 18. Bg2
{[%clk 1:07:09]} Rfe8 {[%clk 1:03:00]} 19. Nde2 {[%clk 1:03:23]} h6
{[%clk 0:51:23]} 20. Rc2 {[%clk 0:58:10]} Nc5 {[%clk 0:45:44]} 21. Rcd2
{[%clk 0:53:19]} Bc6 {[%clk 0:41:08]} 22. Bf4 {[%clk 0:48:35]} Nb7
{[%clk 0:39:10]} 23. b4 {[%clk 0:45:34]} Bd7 {[%clk 0:33:30]} 24. Be3
{[%clk 0:45:00]} Re7 {[%clk 0:26:42]} 25. Bxb6 {[%clk 0:35:47]} Bxb6
{[%clk 0:26:48]} 26. Qxb6 {[%clk 0:36:12]} Rxc4 {[%clk 0:26:41]} 27. e5
{[%clk 0:31:16]} dxe5 {[%clk 0:21:15]} 28. f4 {[%clk 0:31:42]} e4
{[%clk 0:21:11]} 29. Nxe4 {[%clk 0:26:20]} Nd5 {[%clk 0:20:59]} 30. Qf2
{[%clk 0:25:27]} Rxb4 {[%clk 0:14:02]} 31. f5 {[%clk 0:24:46]} Ba4
{[%clk 0:13:43]} 32. Re1 {[%clk 0:21:59]} Qc8 {[%clk 0:04:55]} 33. f6
{[%clk 0:19:29]} Nxf6 {[%clk 0:05:10]} 34. Nxf6+ {[%clk 0:19:17]} gxf6
{[%clk 0:05:39]} 35. Qxf6 {[%clk 0:19:18]} Qc5+ {[%clk 0:06:06]} 36. Kf1
{[%clk 0:16:42]} Qg5 {[%clk 0:04:26]} 37. Qc3 {[%clk 0:15:41]} Qf5+
{[%clk 0:02:04]} 38. Bf3 {[%clk 0:14:53]} Rc7 {[%clk 0:00:46]} 39. Qe3
{[%clk 0:05:40]} Bc6 {[%clk 0:01:15]} 40. Ng1 {[%clk 0:06:04]} Re4
{[%clk 0:00:37]} 41. Qb3 {[%clk 0:00:59]} Bb5+ {[%clk 0:00:43]} 42. Ne2
{[%clk 0:00:39]} Nc5 {[%clk 0:00:32]} 43. Qa3 {[%clk 0:00:44]} Bxe2+
{[%clk 0:00:34]} 44. Rexe2 {[%clk 0:00:36]} Rxe2 {[%clk 0:00:49]} 45. Kxe2
{[%clk 0:00:36]} Qe5+ {[%clk 0:00:40]} 46. Kf1 {[%clk 0:00:46]} Kg7
{[%clk 0:00:35]} 47. Kg2 {[%clk 0:00:56]} Qf6 {[%clk 0:00:32]} 48. Qe3
{[%clk 0:00:53]} Nd7 {[%clk 0:00:40]} 49. Rf2 {[%clk 0:00:34]} Qe5
{[%clk 0:00:58]} 50. Qd3 {[%clk 0:00:45]} a5 {[%clk 0:01:00]} 51. Re2
{[%clk 0:00:55]} Qc3 {[%clk 0:01:15]} 52. Qd6 {[%clk 0:00:35]} Nf6
{[%clk 0:01:08]} 53. Qf4 {[%clk 0:00:33]} Rc4 {[%clk 0:01:19]} 54. Qb8
{[%clk 0:00:33]} Rb4 {[%clk 0:01:39]} 55. Qa7 {[%clk 0:00:53]} Rb1
{[%clk 0:01:03]} 56. Qf2 {[%clk 0:00:34]} Qc1 {[%clk 0:00:53]} 57. Kh3
{[%clk 0:00:40]} Qf1+ {[%clk 0:00:33]} 58. Qxf1 {[%clk 0:01:07]} Rxf1
{[%clk 0:01:02]} 59. Re3 {[%clk 0:01:28]} Nh7 {[%clk 0:00:35]} 60. Kg2
{[%clk 0:01:39]} Rc1 {[%clk 0:01:02]} 61. Ra3 {[%clk 0:01:52]} Rc2+
{[%clk 0:01:26]} 62. Kf1 {[%clk 0:01:52]} Ng5 {[%clk 0:01:21]} 63. Be2
{[%clk 0:02:02]} Rc5 {[%clk 0:01:46]} 64. Kf2 {[%clk 0:02:15]} Ne4+
{[%clk 0:01:58]} 65. Ke3 {[%clk 0:01:16]} Nd6 {[%clk 0:02:02]} 66. Ra4
{[%clk 0:01:10]} Kf6 {[%clk 0:01:09]} 67. Bd3 {[%clk 0:01:04]} Re5+
{[%clk 0:00:48]} 68. Kf4 {[%clk 0:01:05]} Rh5 {[%clk 0:01:05]} 69. h4
{[%clk 0:01:08]} Rd5 {[%clk 0:01:28]} 70. Ke3 {[%clk 0:01:02]} Ke5
{[%clk 0:00:50]} 71. g4 {[%clk 0:00:40]} f5 {[%clk 0:00:37]} 72. Bc2
{[%clk 0:00:33]} Rc5 {[%clk 0:00:51]} 73. Bd3 {[%clk 0:00:59]} Kf6
{[%clk 0:00:54]} 74. Rd4 {[%clk 0:00:48]} Nf7 {[%clk 0:00:35]} 75. gxf5
{[%clk 0:00:54]} exf5 {[%clk 0:01:00]} 76. Kf4 {[%clk 0:01:09]} Rc3
{[%clk 0:00:32]} 77. Bxf5 {[%clk 0:00:31]} Ra3 {[%clk 0:00:34]} 78. Bb1
{[%clk 0:00:36]} Rh3 {[%clk 0:01:03]} 79. Kg4 {[%clk 0:00:50]} Rh1
{[%clk 0:01:31]} 80. Rf4+ {[%clk 0:00:59]} Kg7 {[%clk 0:00:33]} 81. Bc2
{[%clk 0:01:05]} Rg1+ {[%clk 0:00:32]} 82. Kf5 {[%clk 0:00:54]} Rg2
{[%clk 0:00:33]} 83. Bb3 {[%clk 0:01:20]} Nd6+ {[%clk 0:00:35]} 84. Ke5
{[%clk 0:01:06]} Nb5 {[%clk 0:00:33]} 85. Ra4 {[%clk 0:00:55]} Re2+
{[%clk 0:01:02]} 86. Kf4 {[%clk 0:01:02]} Nc3 {[%clk 0:00:39]} 87. Rxa5
{[%clk 0:01:17]} Re4+ {[%clk 0:00:40]} 88. Kg3 {[%clk 0:01:30]} Re3+
{[%clk 0:00:33]} 89. Kf2 {[%clk 0:01:40]} Rh3 {[%clk 0:00:38]} 90. h5
{[%clk 0:01:09]} Ne4+ {[%clk 0:00:49]} 91. Kg2 {[%clk 0:01:10]} Rg3+
{[%clk 0:01:00]} 92. Kh2 {[%clk 0:01:37]} Rd3 {[%clk 0:00:35]} 93. Rf5
{[%clk 0:00:32]} Rd2+ {[%clk 0:00:33]} 94. Kh3 {[%clk 0:00:46]} Rd3+
{[%clk 0:00:44]} 95. Kg2 {[%clk 0:00:40]} Rd2+ {[%clk 0:00:59]} 96. Kf3 Ng5+ 97.
Kg3 {[%clk 0:00:45]} Rd3+ {[%clk 0:00:43]} 98. Kg4 {[%clk 0:00:58]} Rd2
{[%clk 0:00:54]} 99. Ra5 Rd4+ 100. Kf5 {[%clk 0:00:53]} Rd7 {[%clk 0:01:53]} 101.
Ra6 {[%clk 0:01:10]} Kh7 {[%clk 0:00:35]} 102. a4 {[%clk 0:00:49]} Nf3
{[%clk 0:00:33]} 103. Ba2 {[%clk 0:00:46]} Nd4+ {[%clk 0:00:34]} 104. Kf6
{[%clk 0:01:01]} Rb7 {[%clk 0:00:33]} 105. Bd5 {[%clk 0:01:10]} Rb8
{[%clk 0:00:33]} 106. Be4+ {[%clk 0:01:23]} Kg8 {[%clk 0:00:52]} 107. Ra8
{[%clk 0:01:32]} Rxa8 {[%clk 0:00:34]} 108. Bxa8 {[%clk 0:02:00]} Kf8
{[%clk 0:01:04]} 109. Be4 {[%clk 0:00:51]} Nb3 {[%clk 0:01:15]} 110. Bd5
{[%clk 0:00:46]} Na1 {[%clk 0:00:32]} 111. Kg6 {[%clk 0:00:36]} Ke7
{[%clk 0:01:01]} 112. Kxh6 {[%clk 0:00:49]} Kf6 {[%clk 0:00:35]} 113. Kh7
{[%clk 0:01:10]} Nc2 {[%clk 0:01:00]} 114. a5 {[%clk 0:01:04]} Nb4
{[%clk 0:01:29]} 115. Bc4 {[%clk 0:01:10]} Nc6 {[%clk 0:01:41]} 116. a6
{[%clk 0:01:33]} Na7 {[%clk 0:00:56]} 117. h6 {[%clk 0:01:57]} Nc8
{[%clk 0:01:00]} 118. Ba2 {[%clk 0:02:00]} Na7 {[%clk 0:01:12]} 119. Kg8
{[%clk 0:02:23]} Nc6 {[%clk 0:01:32]} 120. a7 {[%clk 0:02:34]} Nxa7
{[%clk 0:00:43]} 121. h7 {[%clk 0:03:00]} Nc6 {[%clk 0:00:49]} 122. h8=Q+
{[%clk 0:03:23]} Ke7 {[%clk 0:01:12]} 123. Qh4+ {[%clk 0:03:33]} Kd6
{[%clk 0:01:39]} 124. Qf4+ {[%clk 0:03:51]} Kc5 {[%clk 0:01:54]} 125. Qc7
{[%clk 0:03:53]} Kb5 {[%clk 0:02:15]} 126. Bc4+ {[%clk 0:04:18]} Kc5
{[%clk 0:02:41]} 127. Bf1 {[%clk 0:04:41]} Kd5 1-0

[Event "14e Open"]
[Site "Mont de Marsan"]
[Date "2017.12.26"]
[Round "4.3"]
[White "Etchegaray, Patrice"]
[Black "Ruiz Marana, Alejandro"]
[Result "1-0"]
[BlackElo "2232"]
[WhiteElo "2362"]
[LiveChessVersion "1.4.8"]

1. d4 {[%clk 1:30:49]} d5 {[%clk 1:30:56]} 2. Bf4 {[%clk 1:30:56]} Nf6
{[%clk 1:31:12]} 3. e3 {[%clk 1:31:14]} c5 {[%clk 1:31:07]} 4. c3
{[%clk 1:31:21]} Qb6 {[%clk 1:30:41]} 5. Qb3 {[%clk 1:30:56]} c4 {[%clk 1:31:01]}
6. Qc2 {[%clk 1:29:53]} g6 {[%clk 1:26:50]} 7. Nd2 {[%clk 1:29:21]} Bf5
{[%clk 1:27:00]} 8. Qc1 {[%clk 1:29:17]} Bg7 {[%clk 1:26:18]} 9. Ngf3
{[%clk 1:28:17]} O-O {[%clk 1:26:36]} 10. h3 {[%clk 1:27:28]} Nc6
{[%clk 1:26:16]} 11. Be2 {[%clk 1:27:07]} Qd8 {[%clk 1:25:58]} 12. Ne5
{[%clk 1:24:08]} Nxe5 {[%clk 1:22:46]} 13. Bxe5 {[%clk 1:24:27]} b5
{[%clk 1:22:39]} 14. O-O {[%clk 1:22:59]} Qb6 {[%clk 1:18:57]} 15. Re1
{[%clk 1:17:55]} Rfd8 {[%clk 1:14:00]} 16. a4 {[%clk 1:10:26]} a6
{[%clk 1:08:53]} 17. axb5 {[%clk 1:05:17]} axb5 {[%clk 1:09:00]} 18. Rxa8
{[%clk 1:05:34]} Rxa8 {[%clk 1:09:25]} 19. Bxf6 Qxf6 {[%clk 0:52:06]} 20. Bf3
{[%clk 1:05:35]} Qg5 {[%clk 0:52:16]} 21. Bxd5 {[%clk 0:58:49]} Rd8
{[%clk 0:52:38]} 22. f4 {[%clk 0:57:19]} Qf6 {[%clk 0:41:25]} 23. Bf3
{[%clk 0:57:00]} Bd3 {[%clk 0:39:14]} 24. Ne4 {[%clk 0:54:11]} Qb6
{[%clk 0:37:29]} 25. Nc5 {[%clk 0:52:52]} Bf5 {[%clk 0:36:48]} 26. e4
{[%clk 0:49:13]} Bc8 {[%clk 0:37:15]} 27. e5 {[%clk 0:49:18]} f5 {[%clk 0:31:43]}
28. Qe3 {[%clk 0:47:46]} e6 {[%clk 0:31:47]} 29. Ra1 {[%clk 0:47:27]} Bf8
{[%clk 0:31:45]} 30. Ra8 {[%clk 0:45:24]} Be7 {[%clk 0:31:57]} 31. b4
{[%clk 0:43:26]} cxb3 {[%clk 0:30:49]} 32. Nxb3 {[%clk 0:43:34]} Kf7
{[%clk 0:27:41]} 33. Kh2 {[%clk 0:38:39]} Kg7 {[%clk 0:25:31]} 34. Qf2
{[%clk 0:35:34]} Kf7 {[%clk 0:18:02]} 35. Qa2 {[%clk 0:33:35]} Bb7
{[%clk 0:18:20]} 36. Bxb7 {[%clk 0:27:52]} Qxb7 {[%clk 0:18:39]} 37. Rxd8
{[%clk 0:27:58]} Bxd8 {[%clk 0:18:45]} 38. Nc5 {[%clk 0:27:48]} Qc6
{[%clk 0:18:36]} 39. Qa7+ {[%clk 0:27:11]} Be7 {[%clk 0:18:38]} 40. Qb7
{[%clk 0:25:26]} Qxb7 {[%clk 0:16:41]} 41. Nxb7 {[%clk 0:25:54]} b4
{[%clk 0:16:49]} 42. cxb4 {[%clk 0:25:59]} Bxb4 {[%clk 0:17:15]} 43. Nd8+
{[%clk 0:26:23]} 1-0

[Event "14e Open"]
[Site "Mont de Marsan"]
[Date "2017.12.26"]
[Round "5.1"]
[White "Touzane, Olivier"]
[Black "Lagarde, Maxime"]
[Result "1/2-1/2"]
[BlackElo "2586"]
[WhiteElo "2284"]
[LiveChessVersion "1.4.8"]

1. b3 {[%clk 1:30:57]} g6 {[%clk 1:26:54]} 2. Bb2 {[%clk 1:30:41]} Nf6
{[%clk 1:27:06]} 3. Nf3 {[%clk 1:18:57]} Bg7 {[%clk 1:27:31]} 4. g3
{[%clk 1:14:37]} d5 {[%clk 1:26:06]} 5. c4 {[%clk 1:13:41]} e6 {[%clk 1:20:23]}
6. Bg2 {[%clk 1:10:32]} O-O {[%clk 1:20:27]} 7. O-O {[%clk 1:09:42]} b6
{[%clk 1:20:28]} 8. cxd5 {[%clk 1:05:27]} exd5 {[%clk 1:20:43]} 9. d4
{[%clk 1:03:21]} Re8 {[%clk 1:20:48]} 10. Nc3 {[%clk 1:01:32]} Bb7
{[%clk 1:18:56]} 11. Rc1 {[%clk 1:00:16]} a6 {[%clk 1:18:33]} 12. Na4
{[%clk 0:51:18]} Nbd7 {[%clk 1:17:19]} 13. Ne5 {[%clk 0:43:59]} Nxe5
{[%clk 1:12:56]} 14. dxe5 {[%clk 0:43:17]} Ng4 {[%clk 1:13:12]} 15. e4
{[%clk 0:42:25]} Nxe5 {[%clk 1:13:09]} 16. exd5 {[%clk 0:40:33]} Qd6
{[%clk 1:13:14]} 17. f4 {[%clk 0:33:09]} Nd7 {[%clk 1:13:12]} 18. Bxg7
{[%clk 0:32:06]} Kxg7 {[%clk 1:13:39]} 19. f5 {[%clk 0:20:58]} Nf6
{[%clk 1:06:50]} 20. fxg6 {[%clk 0:18:09]} fxg6 {[%clk 0:56:01]} 21. Qd4
{[%clk 0:16:34]} Re7 {[%clk 0:50:25]} 22. g4 {[%clk 0:07:46]} h6 {[%clk 0:45:13]}
23. h4 {[%clk 0:08:00]} Re5 {[%clk 0:39:20]} 24. Rxc7+ {[%clk 0:05:59]} Qxc7
{[%clk 0:39:29]} 25. d6 {[%clk 0:06:24]} Qf7 {[%clk 0:30:49]} 26. Bxb7
{[%clk 0:03:48]} Rae8 {[%clk 0:31:06]} 27. Bc6 {[%clk 0:03:54]} Re4
{[%clk 0:29:01]} 28. Bxe4 {[%clk 0:03:28]} Rxe4 {[%clk 0:29:29]} 29. Qxe4
{[%clk 0:03:14]} Nxe4 {[%clk 0:29:57]} 30. Rxf7+ {[%clk 0:03:38]} Kxf7
{[%clk 0:30:24]} 31. d7 {[%clk 0:03:58]} Ke7 {[%clk 0:30:53]} 32. Nxb6
{[%clk 0:04:14]} Nf6 {[%clk 0:31:19]} 33. g5 {[%clk 0:02:39]} hxg5
{[%clk 0:31:42]} 34. hxg5 {[%clk 0:03:03]} Ne4 {[%clk 0:31:38]} 35. Nc4
{[%clk 0:01:27]} Kxd7 {[%clk 0:31:40]} 36. Ne5+ {[%clk 0:01:52]} Kd6
{[%clk 0:31:47]} 37. Nxg6 {[%clk 0:02:12]} Kc5 {[%clk 0:31:26]} 38. Nf4
{[%clk 0:01:27]} Nxg5 {[%clk 0:31:50]} 39. Nd3+ {[%clk 0:01:38]} Kb5
{[%clk 0:29:54]} 40. Kf2 {[%clk 0:01:02]} Ne4+ {[%clk 0:30:20]} 41. Ke3
{[%clk 0:01:16]} Nc3 {[%clk 0:30:32]} 42. a4+ {[%clk 0:00:50]} Nxa4
{[%clk 0:30:56]} 43. bxa4+ 1/2-1/2

[Event "14e Open"]
[Site "Mont de Marsan"]
[Date "2017.12.26"]
[Round "5.3"]
[White "Ternault, Mathieu"]
[Black "Duboue, Peio"]
[Result "0-1"]
[BlackElo "2399"]
[WhiteElo "2362"]
[LiveChessVersion "1.4.8"]

1. e4 {[%clk 1:30:57]} e5 {[%clk 1:27:47]} 2. f4 {[%clk 1:30:43]} d5
{[%clk 1:27:54]} 3. exd5 {[%clk 1:30:57]} exf4 {[%clk 1:28:20]} 4. Nf3
{[%clk 1:29:27]} Nf6 {[%clk 1:28:41]} 5. Nc3 {[%clk 1:21:17]} Nxd5
{[%clk 1:28:18]} 6. Bc4 {[%clk 1:15:49]} Nxc3 {[%clk 1:25:05]} 7. dxc3
{[%clk 1:06:04]} Qe7+ {[%clk 1:19:21]} 8. Kf1 {[%clk 1:02:41]} Be6
{[%clk 1:09:11]} 9. Bxe6 {[%clk 0:58:16]} fxe6 {[%clk 1:00:50]} 10. Bxf4
{[%clk 0:55:15]} Nc6 {[%clk 1:00:51]} 11. Qe2 {[%clk 0:54:58]} Qf7
{[%clk 0:59:46]} 12. Qe4 {[%clk 0:49:19]} O-O-O {[%clk 0:54:17]} 13. Ng5
{[%clk 0:43:13]} Qh5 {[%clk 0:54:28]} 14. Qxe6+ {[%clk 0:42:07]} Kb8
{[%clk 0:54:03]} 15. Qe2 {[%clk 0:41:23]} Qg6 {[%clk 0:53:19]} 16. Qe4
{[%clk 0:34:33]} Qf6 {[%clk 0:50:30]} 17. Nf3 {[%clk 0:35:01]} h6
{[%clk 0:50:46]} 18. Re1 {[%clk 0:32:23]} Bc5 {[%clk 0:49:37]} 19. Bg3
{[%clk 0:30:14]} Qf7 {[%clk 0:43:30]} 20. Qe6 {[%clk 0:27:49]} Qh5
{[%clk 0:43:40]} 21. Bf2 {[%clk 0:23:54]} Rhe8 {[%clk 0:39:19]} 22. Qc4
{[%clk 0:23:54]} Rxe1+ {[%clk 0:39:01]} 23. Kxe1 {[%clk 0:20:56]} Bd6
{[%clk 0:27:39]} 24. Qd3 {[%clk 0:10:44]} Qa5 {[%clk 0:23:28]} 25. Qc4
{[%clk 0:09:15]} Qf5 {[%clk 0:23:52]} 26. Qd3 {[%clk 0:08:33]} Qe6+
{[%clk 0:24:14]} 27. Qe2 {[%clk 0:05:03]} Qxa2 {[%clk 0:24:35]} 28. Bd4
{[%clk 0:05:12]} g5 {[%clk 0:23:07]} 29. h3 {[%clk 0:03:48]} Bg3+
{[%clk 0:22:39]} 30. Kd2 {[%clk 0:04:17]} Bf4+ {[%clk 0:16:17]} 31. Ke1
{[%clk 0:04:33]} Qa1+ {[%clk 0:16:01]} 32. Qd1 {[%clk 0:04:47]} Bg3+
{[%clk 0:15:55]} 33. Kd2 {[%clk 0:05:06]} Qxb2 {[%clk 0:15:41]} 34. Qb1
{[%clk 0:03:18]} Qa3 {[%clk 0:15:14]} 35. Rd1 {[%clk 0:01:25]} Nxd4
{[%clk 0:09:21]} 36. cxd4 {[%clk 0:01:53]} Re8 {[%clk 0:08:38]} 37. c3
{[%clk 0:00:43]} Bf4+ {[%clk 0:08:48]} 38. Kc2 {[%clk 0:00:33]} Qa4+
{[%clk 0:08:27]} 39. Qb3 {[%clk 0:00:39]} Re2+ {[%clk 0:08:45]} 40. Nd2
{[%clk 0:00:37]} Rxd2+ {[%clk 0:08:53]} 0-1

[Event "14e Open"]
[Site "Mont de Marsan"]
[Date "2017.12.26"]
[Round "6.1"]
[White "Lagarde, Maxime"]
[Black "Hutois, Mickael"]
[Result "1-0"]
[BlackElo "2211"]
[WhiteElo "2586"]
[LiveChessVersion "1.4.8"]

1. c4 {[%clk 1:27:45]} e5 {[%clk 1:30:55]} 2. Nc3 {[%clk 1:28:12]} Nf6
{[%clk 1:31:16]} 3. Nf3 {[%clk 1:28:37]} Nc6 {[%clk 1:31:40]} 4. d3
{[%clk 1:28:58]} d5 {[%clk 1:27:12]} 5. cxd5 {[%clk 1:29:23]} Nxd5
{[%clk 1:27:37]} 6. e3 {[%clk 1:29:13]} Be6 {[%clk 1:23:02]} 7. Be2
{[%clk 1:29:03]} Bd6 {[%clk 1:21:56]} 8. O-O {[%clk 1:27:51]} O-O
{[%clk 1:22:00]} 9. a3 {[%clk 1:23:50]} f5 {[%clk 1:17:06]} 10. e4
{[%clk 1:23:13]} Nxc3 {[%clk 1:09:02]} 11. bxc3 {[%clk 1:23:39]} h6
{[%clk 1:04:17]} 12. exf5 {[%clk 1:21:29]} Rxf5 {[%clk 1:03:21]} 13. Nd2
{[%clk 1:21:05]} Qd7 {[%clk 1:03:05]} 14. Ne4 {[%clk 1:18:12]} Ne7
{[%clk 1:02:34]} 15. c4 {[%clk 1:14:18]} b6 {[%clk 1:00:40]} 16. Be3
{[%clk 1:13:40]} Nc6 {[%clk 0:59:24]} 17. Re1 {[%clk 1:12:20]} Rff8
{[%clk 0:57:18]} 18. Bf1 {[%clk 1:00:06]} Be7 {[%clk 0:55:18]} 19. Qb1
{[%clk 0:54:28]} Rad8 {[%clk 0:51:29]} 20. Qb2 {[%clk 0:52:50]} Nd4
{[%clk 0:50:29]} 21. Bd2 {[%clk 0:51:52]} Qa4 {[%clk 0:46:48]} 22. Ra2
{[%clk 0:46:29]} Bf5 {[%clk 0:41:44]} 23. Nc3 {[%clk 0:42:35]} Qb3
{[%clk 0:40:02]} 24. Qa1 {[%clk 0:37:27]} Bc5 {[%clk 0:19:57]} 25. Rb1
{[%clk 0:34:13]} Bxd3 {[%clk 0:15:11]} 26. Bxd3 {[%clk 0:34:20]} Rxf2
{[%clk 0:15:25]} 27. Kxf2 {[%clk 0:33:47]} e4 {[%clk 0:11:57]} 28. Rxb3
{[%clk 0:32:42]} Nxb3+ {[%clk 0:12:24]} 29. Ke1 {[%clk 0:31:58]} Nxa1
{[%clk 0:11:38]} 30. Nxe4 1-0

[Event "14e Open"]
[Site "Mont de Marsan"]
[Date "2017.12.26"]
[Round "6.2"]
[White "Duboue, Peio"]
[Black "Touzane, Olivier"]
[Result "1/2-1/2"]
[BlackElo "2284"]
[WhiteElo "2399"]
[LiveChessVersion "1.4.8"]

1. e4 {[%clk 1:28:05]} c5 {[%clk 1:30:29]} 2. Nf3 {[%clk 1:28:04]} d6
{[%clk 1:30:48]} 3. d4 {[%clk 1:28:25]} cxd4 {[%clk 1:30:45]} 4. Nxd4
{[%clk 1:28:52]} Nf6 {[%clk 1:31:01]} 5. Nc3 {[%clk 1:29:20]} a6 {[%clk 1:31:19]}
6. f3 {[%clk 1:29:38]} e6 {[%clk 1:21:33]} 7. Be3 {[%clk 1:29:58]} Nfd7
{[%clk 1:03:38]} 8. Qd2 {[%clk 1:28:38]} b5 {[%clk 1:03:18]} 9. a4
{[%clk 1:26:18]} bxa4 {[%clk 0:45:59]} 10. Nxa4 {[%clk 1:25:27]} Bb7
{[%clk 0:43:35]} 11. Bc4 {[%clk 1:24:07]} Nc6 {[%clk 0:29:08]} 12. Nxc6
{[%clk 1:18:38]} Bxc6 {[%clk 0:29:31]} 13. Nc3 {[%clk 1:17:59]} Qc8
{[%clk 0:24:43]} 14. O-O {[%clk 1:15:50]} Be7 {[%clk 0:24:49]} 15. Bg5
{[%clk 1:02:14]} Bxg5 {[%clk 0:19:54]} 16. Qxg5 {[%clk 1:02:22]} O-O
{[%clk 0:20:16]} 17. Kh1 {[%clk 1:02:20]} Bxe4 {[%clk 0:16:15]} 18. Bxe6
{[%clk 0:45:28]} fxe6 {[%clk 0:16:05]} 19. Nxe4 {[%clk 0:45:14]} d5
{[%clk 0:14:44]} 20. Ng3 {[%clk 0:40:38]} Rf6 {[%clk 0:14:46]} 21. Qd2
{[%clk 0:36:54]} 1/2-1/2

[Event "14e Open"]
[Site "Mont de Marsan"]
[Date "2017.12.26"]
[Round "6.3"]
[White "Etchegaray, Patrice"]
[Black "Jerez Perez, Alfonso"]
[Result "1/2-1/2"]
[BlackElo "2435"]
[WhiteElo "2362"]
[LiveChessVersion "1.4.8"]

1. d4 {[%clk 1:30:51]} Nf6 {[%clk 1:30:40]} 2. Nf3 {[%clk 1:30:42]} g6
{[%clk 1:30:48]} 3. Bg5 {[%clk 1:28:02]} Bg7 {[%clk 1:30:17]} 4. Nbd2
{[%clk 1:28:15]} d5 {[%clk 1:30:21]} 5. e3 {[%clk 1:26:17]} O-O {[%clk 1:29:31]}
6. c3 {[%clk 1:24:33]} b6 {[%clk 1:27:25]} 7. a4 {[%clk 1:21:08]} a6
{[%clk 1:24:29]} 8. Be2 {[%clk 1:16:19]} Nbd7 {[%clk 1:22:26]} 9. O-O
{[%clk 1:10:29]} Bb7 {[%clk 1:21:24]} 10. h3 {[%clk 1:05:53]} c5 {[%clk 1:16:31]}
11. Qb3 {[%clk 0:59:12]} Re8 {[%clk 1:08:47]} 12. Rfd1 {[%clk 0:54:09]} c4
{[%clk 1:05:48]} 13. Qc2 {[%clk 0:52:01]} b5 {[%clk 1:05:34]} 14. b3
{[%clk 0:51:48]} Bc6 {[%clk 1:00:52]} 15. axb5 {[%clk 0:45:18]} axb5
{[%clk 1:01:03]} 16. Rxa8 {[%clk 0:45:15]} Qxa8 {[%clk 1:01:20]} 17. Qb2
{[%clk 0:45:21]} Qb7 {[%clk 1:00:59]} 18. Bf4 {[%clk 0:41:23]} Ra8
{[%clk 1:00:05]} 19. Ne5 {[%clk 0:40:33]} Nxe5 {[%clk 0:59:12]} 20. Bxe5
{[%clk 0:40:29]} Nd7 {[%clk 0:58:50]} 21. Bxg7 {[%clk 0:39:41]} Kxg7
{[%clk 0:58:47]} 22. Ra1 {[%clk 0:34:59]} Ra6 {[%clk 0:56:21]} 23. b4
{[%clk 0:30:22]} Qa8 {[%clk 0:54:59]} 24. Rxa6 {[%clk 0:30:15]} Qxa6
{[%clk 0:55:25]} 25. Bd1 {[%clk 0:30:31]} f6 {[%clk 0:53:59]} 26. Nb1
{[%clk 0:30:21]} e5 {[%clk 0:54:02]} 27. Qa3 {[%clk 0:30:35]} Qxa3
{[%clk 0:54:00]} 28. Nxa3 {[%clk 0:31:03]} Nb6 {[%clk 0:53:50]} 29. Kf1
{[%clk 0:29:22]} e4 {[%clk 0:53:56]} 30. Ke1 {[%clk 0:28:55]} f5 {[%clk 0:53:54]}
1/2-1/2

[Event "14e Open"]
[Site "Mont de Marsan"]
[Date "2017.12.26"]
[Round "7.1"]
[White "Tejedor Fuente, Enrique"]
[Black "Lagarde, Maxime"]
[Result "1-0"]
[BlackElo "2586"]
[WhiteElo "2370"]
[LiveChessVersion "1.4.8"]

1. e4 {[%clk 1:30:59]} c5 {[%clk 1:28:07]} 2. Nf3 {[%clk 1:31:17]} d6
{[%clk 1:28:33]} 3. d4 {[%clk 1:31:29]} cxd4 {[%clk 1:28:59]} 4. Nxd4
{[%clk 1:31:57]} Nf6 {[%clk 1:29:25]} 5. Nc3 {[%clk 1:31:35]} Bd7
{[%clk 1:29:50]} 6. Bc4 {[%clk 1:26:27]} Bc6 {[%clk 1:29:30]} 7. Qe2
{[%clk 1:19:00]} g6 {[%clk 1:21:42]} 8. Bg5 {[%clk 1:11:52]} Bg7 {[%clk 1:12:59]}
9. O-O-O {[%clk 1:08:39]} Nbd7 {[%clk 1:12:10]} 10. f4 {[%clk 0:56:00]} Qa5
{[%clk 1:11:40]} 11. Rhe1 {[%clk 0:46:02]} e5 {[%clk 1:09:27]} 12. Nxc6
{[%clk 0:41:07]} bxc6 {[%clk 1:09:54]} 13. Rxd6 {[%clk 0:40:57]} O-O
{[%clk 1:08:50]} 14. f5 {[%clk 0:36:42]} Rab8 {[%clk 1:05:50]} 15. Red1
{[%clk 0:34:45]} Qc7 {[%clk 1:05:27]} 16. fxg6 {[%clk 0:33:59]} hxg6
{[%clk 1:05:52]} 17. Qf1 {[%clk 0:19:23]} Qb6 {[%clk 1:01:44]} 18. Bb3
{[%clk 0:18:44]} Nh7 {[%clk 1:02:02]} 19. Na4 {[%clk 0:13:23]} Qb4
{[%clk 1:01:10]} 20. Be7 {[%clk 0:10:22]} Nb6 {[%clk 0:59:12]} 21. Bxf8
{[%clk 0:08:52]} Rxf8 {[%clk 0:59:12]} 22. Nxb6 Qxb6 {[%clk 0:57:35]} 23. Rxg6
{[%clk 0:04:38]} Qe3+ {[%clk 0:58:02]} 24. Kb1 {[%clk 0:05:00]} Qxe4
{[%clk 0:58:26]} 25. Qd3 {[%clk 0:03:45]} Nf6 {[%clk 0:57:16]} 26. Qxe4 Nxe4
{[%clk 0:57:44]} 27. Rxc6 {[%clk 0:03:14]} Kh7 {[%clk 0:58:05]} 28. c3
{[%clk 0:02:49]} f5 {[%clk 0:58:23]} 29. Bc2 {[%clk 0:03:01]} Ng5
{[%clk 0:58:07]} 30. Rf1 {[%clk 0:03:11]} e4 {[%clk 0:58:19]} 31. h4
{[%clk 0:03:32]} 1-0

[Event "14e Open"]
[Site "Mont de Marsan"]
[Date "2017.12.26"]
[Round "7.2"]
[White "Ruiz Marana, Alejandro"]
[Black "Duboue, Peio"]
[Result "1-0"]
[BlackElo "2399"]
[WhiteElo "2232"]
[LiveChessVersion "1.4.8"]

1. e4 {[%clk 1:30:57]} e5 {[%clk 1:29:17]} 2. Nc3 {[%clk 1:31:19]} Nf6
{[%clk 1:29:41]} 3. Bc4 {[%clk 1:31:42]} Nc6 {[%clk 1:29:57]} 4. d3
{[%clk 1:32:01]} Na5 {[%clk 1:30:21]} 5. Nge2 {[%clk 1:31:44]} Bc5
{[%clk 1:30:34]} 6. O-O {[%clk 1:30:00]} h6 {[%clk 1:30:02]} 7. Bb3
{[%clk 1:20:11]} Nxb3 {[%clk 1:29:21]} 8. axb3 {[%clk 1:19:55]} O-O
{[%clk 1:29:44]} 9. Be3 {[%clk 1:18:28]} Bxe3 {[%clk 1:29:36]} 10. fxe3
{[%clk 1:18:51]} d5 {[%clk 1:28:49]} 1-0

[Event "14e Open"]
[Site "Mont de Marsan"]
[Date "2017.12.26"]
[Round "7.3"]
[White "Touzane, Olivier"]
[Black "Etchegaray, Patrice"]
[Result "1/2-1/2"]
[BlackElo "2362"]
[WhiteElo "2284"]
[LiveChessVersion "1.4.8"]

1. d4 {[%clk 1:30:47]} Nf6 {[%clk 1:30:20]} 2. Bf4 {[%clk 1:30:01]} c5
{[%clk 1:26:21]} 3. dxc5 {[%clk 1:29:42]} Na6 {[%clk 1:24:25]} 4. Qd4
{[%clk 1:25:04]} Qa5+ {[%clk 1:18:20]} 5. Nc3 {[%clk 1:20:00]} Qxc5
{[%clk 1:10:24]} 6. Qxc5 Nxc5 {[%clk 1:10:38]} 7. f3 {[%clk 1:10:50]} d6
{[%clk 0:59:35]} 8. e4 {[%clk 1:09:34]} Bd7 {[%clk 0:59:26]} 9. g4
{[%clk 0:34:25]} h6 {[%clk 0:56:30]} 10. Be3 {[%clk 0:34:16]} Rc8
{[%clk 0:51:33]} 11. Nge2 {[%clk 0:33:23]} a6 {[%clk 0:48:28]} 12. a4
{[%clk 0:29:39]} g6 {[%clk 0:41:47]} 13. h4 {[%clk 0:28:34]} Bg7 {[%clk 0:41:12]}
14. Nf4 {[%clk 0:23:50]} Ne6 {[%clk 0:37:00]} 15. Nd3 {[%clk 0:02:37]} 1/2-1/2